000 01774nam a2200529 i 4500
001 43517
003 KOSZ 005
005 20200214123111.0
008 040130s2003 pl |001 0 pol
015 _aPB 2004/15468
020 _a8373610731
035 _a991022188839705066
035 _a(PL-WaBN)b15988041-48omnis_nlop
035 _ab15988041
035 _a(OCoLC)749175856
035 _a(PL)b0000001598804
035 _a(EXLNZ-48OMNIS_NETWORK)9910085170305606
040 _aWA N
_cWA N
_dKOSZ 005/HR
041 1 _apol
_heng
046 _k2003
080 _a004.42
080 _a(07)
100 1 _aRoman, Ed
_d(1976- )
_eAutor
245 1 0 _aEnterprise JavaBeans /
_cEd Roman, Scott W. Ambler, Tyler Jewell ; [tł. Paweł Gonera, Mikołaj Szczepaniak].
246 1 _iTyt. oryg.:
_aMastering enterprise JavaBeans,
_f2003
260 _aGliwice :
_b"Helion",
_ccop. 2003.
300 _a602 s. ;
_c24 cm.
336 _2rdacontent
_aTekst
_btxt
337 _2rdamedia
_aBez urządzenia pośredniczącego
_bn
338 _2rdacarrier
_aWolumin
_bnc
380 _aKsiążki
380 _aPublikacje fachowe
388 _a2001-
500 _aNa okł. podtyt.: komponenty dla Javy2EE.
504 _aIndeks.
650 7 _aJavaBeans
_2DBN
655 7 _aPodręcznik
_2DBN
658 _aInformatyka i technologie informacyjne
700 1 _aAmbler, Scott W.
_d(1966- )
_eAutor
700 1 _aJewell, Tyler
_eAutor
700 1 _aGonera, Paweł
_eTłumaczenie
700 1 _aSzczepaniak, Mikołaj
_eTłumaczenie
710 2 _aHelion
_4pbl
856 _uhttp://koha.tu.koszalin.pl/cgi-bin/koha/opac-detail.pl?biblionumber=43517
_yKatalogonline BPK
942 _2UKD
_cKS
999 _c43517
_d43517